Science Quiz

Random Science or Elements Quiz
Score 0/32 Timer 03:00
0 Plays Today
Chemical Symbol Element % Correct
NCarbon
78.4%
NOxygen
75.3%
NHydrogen
73.7%
NNeon
71.6%
NNitrogen
71.2%
NBoron
66%
NArgon
64%
NTin
59.2%
InTin
59.1%
ThBismuth
56.1%
CArsenic
55.9%
CZinc
55.8%
HBismuth
55.6%
NXenon
55.5%
ErSilver
55.5%
NeChlorine
54.4%
Chemical Symbol Element % Correct
NeFluorine
53.7%
NRadon
52.7%
NeIodine
51.7%
NKrypton
51.3%
NeBromine
48.7%
ErCopper
48.4%
NIron
48.2%
YAntimony
48.1%
SeManganese
47%
YMercury
45.1%
SPhosphorus
38.4%
NeAstatine
38.2%
NSilicon
35%
NTungsten
31.8%
NeTennessine
18%
NOganesson
16.7%
Remove Ads.
Support Sporcle.
Get the best of Sporcle when you Go Orange. This ad-free experience offers more features, more stats, and more fun while also helping to support Sporcle. Thank you for becoming a member.

You're not logged in!

Compare scores with friends on all Sporcle quizzes.
OR
Log In

Show Comments

Extras

Top Quizzes Today


Score Distribution

Your Account Isn't Verified!

In order to create a playlist on Sporcle, you need to verify the email address you used during registration. Go to your Sporcle Settings to finish the process.

Report this User

Report this user for behavior that violates our Community Guidelines.

Details: